super premium magazin =セライ (رقم التسجيلة. 150060)
[ عرض عادي ]
| 000 -LEADER | |
|---|---|
| fixed length control field | 00862nas a2200277 a 4500 |
| 008 - FIXED-LENGTH DATA ELEMENTS--GENERAL INFORMATION | |
| fixed length control field | 180812d19649999ja mr p 0 f0jpn |
| 040 ## - CATALOGING SOURCE | |
| Original cataloging agency | EG-GiCUC |
| Language of cataloging | eng |
| Transcribing agency | EG-GiCUC |
| 041 0# - LANGUAGE CODE | |
| Language code of text/sound track or separate title | jpn |
| Language code of summary or abstract | eng |
| 092 #4 - LOCALLY ASSIGNED DEWEY CALL NUMBER (OCLC) | |
| Classification number | 952.005 |
| Item number | S481 |
| Edition number | 21 |
| 099 ## - LOCAL FREE-TEXT CALL NUMBER (OCLC) | |
| Classification number | \4 |
| -- | 952.005 S481 |
| 130 0# - MAIN ENTRY--UNIFORM TITLE | |
| Uniform title | セライ |
| 245 00 - TITLE STATEMENT | |
| Title | super premium magazin =セライ |
| 246 17 - VARYING FORM OF TITLE | |
| Title proper/short title | سراى = {u٣٠آآ}{u٣٠إ٩}{u٣٠ء٤} |
| 260 ## - PUBLICATION, DISTRIBUTION, ETC. | |
| Place of publication, distribution, etc. | japan |
| Name of publisher, distributor, etc. | shogakukan,1989- |
| 300 ## - PHYSICAL DESCRIPTION | |
| Extent | v. : |
| Other physical details | ill. ; |
| Dimensions | 22 cm. |
| 310 ## - CURRENT PUBLICATION FREQUENCY | |
| Current publication frequency | monthly |
| 362 1# - DATES OF PUBLICATION AND/OR SEQUENTIAL DESIGNATION | |
| Dates of publication and/or sequential designation | Began in 1989. |
| 546 ## - LANGUAGE NOTE | |
| Language note | Chiefly in Japanese; some also in English. |
| 590 0# - LOCAL NOTE (RLIN) | |
| Local note | library has : |
| 651 #0 - SUBJECT ADDED ENTRY--GEOGRAPHIC NAME | |
| Geographic name | japan |
| Form subdivision | Periodicals. |
| 651 #0 - SUBJECT ADDED ENTRY--GEOGRAPHIC NAME | |
| Geographic name | Japan |
| General subdivision | Manufactures |
| Form subdivision | Periodicals. |
| 710 2# - ADDED ENTRY--CORPORATE NAME | |
| Corporate name or jurisdiction name as entry element | shogakukan |
| 905 ## - LOCAL DATA ELEMENT E, LDE (RLIN) | |
| Cataloger | sozan |
| Reviser | Cat. |
| 942 ## - ADDED ENTRY ELEMENTS (KOHA) | |
| Source of classification or shelving scheme | Dewey Decimal Classification |
| Koha item type | Books |
| Source of classification or shelving scheme | Not for loan | Home library | Current library | Date acquired | Full call number | Date last seen | Koha item type |
|---|---|---|---|---|---|---|---|
| Dewey Decimal Classification | المكتبة المركزبة الجديدة - جامعة القاهرة | قاعة الثقاقات الاجنبية - الدور الثالث | 11.02.2024 | 952.005 S481 | 23.09.2023 | Continuing Resources |